000
00316nam a22001337a 4500
008
171023b xxu||||| |||| 00| 0 eng d
020
_a
9780130219688
041
_a
eng
080
_2
7 ED
_a
338
100
_a
54
101
_a
MEN
245
_a
QUANTiITATIVE ANALYSIS FOR MANAGEMENT
_c
RENDER.B
942
_2
udc
_c
BK
999
_c
35341
_d
35341